[Event "Wch FIDE Online U12 Asia qual"]
[Site "Tornelo INT"]
[Date "2020.12.12"]
[Round "3"]
[White "Senan, Ali Abdulla"]
[Black "Goh, Zi Han"]
[Result "0-1"]
[WhiteElo "1280"]
[BlackElo "2087"]
[PlyCount "60"]
[EventDate "2020.12.11"]
[EventType "swiss (rapid)"]
[EventRounds "7"]
[EventCountry "ISS"]
[SourceTitle "EXT 2022"]
[Source "ChessBase"]
[SourceDate "2021.10.06"]
[SourceVersion "1"]
[SourceVersionDate "2021.10.06"]
[SourceQuality "1"]

1. e4 c5 2. Nf3 d6 3. Bc4 Nf6 4. Ng5 e6 5. d3 h6 6. Nf3 a6 7. Nc3 b5 8. Nxb5 axb5 9. Bxb5+ Bd7 10. Bxd7+ Qxd7 11. h4 Nc6 12. c4 Be7 13. Qd2 Bd8 14. Qd1 Ba5+ 15. Bd2 Qc7 16. Bxa5 Qxa5+ 17. Nd2 Nd4 18. f4 h5 19. e5 dxe5 20. fxe5 Ng4 21. Rf1 Ne3 22. Qc1 Nec2+ 23. Kd1 Nxa1 24. Qxa1 Qxa2 25. Qc1 Qa1 26. Nb1 0-0 27. Rf4 Rfb8 28. Re4 Rxb2 29. Qf4 Qxb1+ 30. Qc1 Qxd3+ 0-1